000 00490nam a2200169 a 4500
001 000027000
005 20200930030535.0
008 110328s2006 dr a 000 0 spa d
020 _a9993489123
040 _aDO-SdBNP
_bspa
_cBNPHU
100 1 _aMoya, Rita de
_954102
245 1 0 _aChin mamá /
_cRita de Moya.
260 _aSanto Domingo :
_bEditora Intergrafic,
_c2006.
300 _a85 p, 17 h. de láms. :
_bil., retrs, ;
_c17 cm.
504 _aBibliografía : p. 83-85
049 _aBNPD
999 _c26492
_d26492